Statistics for Hosts of the Phoenix Force by Picture (Marvel Quiz)

Click here to take the quiz!

General Stats

  • This quiz has been taken 5 times
  • The average score is 12 of 15

Answer Stats

Answer% Correct
Charles Xavier (Professor X)
100%
Emma Frost
100%
Illyana Rasputina (Magik)
100%
Jean Grey (Marvel Girl)
100%
Logan/James Howlett (Wolverine)
100%
Piotr Rasputin (Colossus)
100%
Scott Summers (Cyclops)
100%
Celeste, Irma, and Phoebe Cuckoo (Stepford Cuckoos)
80%
Maya Lopez (Echo)
80%
Namor McKenzie
80%
Firehair (Lady Phoenix)
60%
Giraud (31st century)
60%
Hope Summers
60%
Quentin Quire
60%
Rachel Summers
60%

Score Distribution

Percentile by Number Answered

Percent of People with Each Score

Your Score History

You have not taken this quiz